000 00713nam a2200217Ia 4500
005 20241129110227.0
008 241129s9999||||xx |||||||||||||| ||und||
020 _a978-1-032-76396-5
037 _aTB
040 _aARTS
_beng
_cARTS
041 _aeng
_2eng
084 _aR211 R4
_qARTS
100 _aMalhotra Simi Ed.; Rizvi Zahra Ed.; Singh Shraddha A. Ed.
_9727507
245 0 _aGlobalization and sense - making practices: phenomenologies of the global,local and glocal
_cMalhotra Simi Ed.; Rizvi Zahra Ed.; Singh Shraddha A. Ed.
260 _aUK
_bRoutledge
_c2024
300 _axiii,282p.
365 _aINR
_b1295
650 _aPhilosophy
942 _cTB
_hR211 R4
999 _c1227796
_d1227796